[Event "Commonwealth-ch"]
[Site "New Delhi"]
[Date "2007.12.05"]
[Round "4"]
[White "Chandana, Priya Reddy"]
[Black "Khegay, Anjela"]
[Result "0-1"]
[WhiteElo "1944"]
[BlackElo "2218"]
[PlyCount "122"]
[EventDate "2007.12.03"]
[EventType "swiss"]
[EventRounds "10"]
[EventCountry "IND"]
[SourceTitle "CBM 121 Extra"]
[Source "ChessBase"]
[SourceDate "2008.01.10"]
[SourceVersion "1"]
[SourceVersionDate "2008.01.10"]
[SourceQuality "1"]

1. e4 g6 2. Nc3 Bg7 3. Nf3 d6 4. d4 c6 5. Be3 Nd7 6. h3 Qa5 7. Bd3 Ngf6 8. 0-0 0-0 9. Qd2 e5 10. dxe5 dxe5 11. Nd5 Qxd2 12. Ne7+ Kh8 13. Bxd2 Re8 14. Nxc8 Raxc8 15. Bc3 Nh5 16. Bc4 Kg8 17. Ng5 Re7 18. Rfe1 h6 19. Nf3 Nf4 20. Rad1 Nf8 21. Rd6 b5 22. Bf1 g5 23. Red1 N4g6 24. Rd8 Rxd8 25. Rxd8 Rd7 26. Rxd7 Nxd7 27. Bb4 Bf8 28. Bxf8 Kxf8 29. c4 b4 30. Nd2 Nc5 31. b3 Nf4 32. f3 a5 33. g3 Nfe6 34. Kf2 Nd4 35. Be2 Ke7 36. Ke3 a4 37. Bd1 a3 38. Nf1 Ncxb3 39. Bxb3 Nxb3 40. Kd3 Nc1+ 41. Kc2 Nxa2 42. c5 Nc3 43. Nd2 Ne2 44. Kb3 Nd4+ 45. Ka2 f6 46. g4 Kd7 47. Nc4 Nxf3 48. Nb6+ Kc7 49. Nc4 Nd4 50. Nd6 Ne6 51. Ne8+ Kb7 52. Nxf6 Nxc5 53. Ng8 Nxe4 54. Nxh6 Nc3+ 55. Kb3 c5 56. Nf7 e4 57. Nxg5 e3 58. Nf3 c4+ 59. Kc2 b3+ 60. Kxc3 a2 61. Kb2 c3+ 0-1

[Event "Commonwealth-ch"]
[Site "New Delhi"]
[Date "2007.12.04"]
[Round "3"]
[White "Chandana, Priya Reddy"]
[Black "Kunal, M."]
[Result "0-1"]
[WhiteElo "1944"]
[BlackElo "2111"]
[PlyCount "86"]
[EventDate "2007.12.03"]
[EventType "swiss"]
[EventRounds "10"]
[EventCountry "IND"]
[SourceTitle "CBM 121 Extra"]
[Source "ChessBase"]
[SourceDate "2008.01.10"]
[SourceVersion "1"]
[SourceVersionDate "2008.01.10"]
[SourceQuality "1"]

1. e4 e5 2. d4 exd4 3. Qxd4 Nc6 4. Qe3 Nf6 5. Nc3 Bb4 6. Bd2 0-0 7. 0-0-0 Re8 8. Qf3 d6 9. h3 Bxc3 10. Bxc3 Nxe4 11. Bc4 Qg5+ 12. Bd2 Qf6 13. Re1 Qxf3 14. Nxf3 Bf5 15. Be3 Be6 16. Bd3 Nf6 17. a3 Bd5 18. Be2 Ne5 19. Nxe5 Rxe5 20. Rhg1 Rae8 21. Bd3 a6 22. Kd1 Be4 23. Be2 Nd5 24. Bd4 Bxc2+ 25. Kd2 Re4 26. Bc3 Nxc3 27. bxc3 Ba4 28. Bd3 Rxe1 29. Rxe1 Rxe1 30. Kxe1 h6 31. g3 Kf8 32. h4 Ke7 33. Kd2 d5 34. Ke3 Kd6 35. f4 c5 36. Bf5 Bd7 37. Bc2 b5 38. Bd3 a5 39. Bc2 a4 40. Bd3 b4 41. axb4 cxb4 42. cxb4 a3 43. Bb1 Bb5 0-1